000 00265nam a2200109Ia 4500
008 200302s9999 xx 000 0 und d
100 _aJames J. Yoch
245 _aLandscaping the American Dream
260 _bA Ngaere Macray Book
260 _c1989
300 _a228 P.,
999 _c1195
_d1195